Tilawat al-Syaykh Mahmud Khalil al-Husairi

Bibliographic Details
Main Author: حسيري، محمود خليل (Author)
Format: Book
Published: Cairo : Sono Cairo A & V Co. , 1978
Subjects:

MARC

LEADER 00000cam a2200000 7i4500
001 0000005737
005 20220116093000.0
008 021119s1978
020 |a 1100008 
090 0 0 |a BP131.6   |b .H8727 
100 0 |a حسيري، محمود خليل ,   |e author 
245 0 0 |a Tilawat al-Syaykh Mahmud Khalil al-Husairi 
260 2 |a Cairo :   |b Sono Cairo A & V Co. ,   |c 1978 
300 |a (24) sound cassettes 
500 |a Library has: v. 1-23 
650 0 |a Qur'an   |x Recitation 
999 |a 1000057061   |b Audio Cassette   |c Close Access   |e Gong Badak Campus 
999 |a 1000057062   |b Audio Cassette   |c Close Access   |e Gong Badak Campus 
999 |a 1000057063   |b Book   |c Close Access   |e Gong Badak Campus 
999 |a 1000057064   |b Book   |c Close Access   |e Gong Badak Campus 
999 |a 1000057065   |b Audio Cassette   |c Close Access   |e Gong Badak Campus 
999 |a 1000057066   |b Audio Cassette   |c Close Access   |e Gong Badak Campus 
999 |a 1000057067   |b Audio Cassette   |c Close Access   |e Gong Badak Campus 
999 |a 1000057068   |b Audio Cassette   |c Close Access   |e Gong Badak Campus 
999 |a 1000057069   |b CD-ROM   |c Close Access   |e Gong Badak Campus 
999 |a 1000057070   |b Audio Cassette   |c Close Access   |e Gong Badak Campus 
999 |a 1000057071   |b Chart   |c Close Access   |e Gong Badak Campus 
999 |a 1000057072   |b Audio Cassette   |c Close Access   |e Gong Badak Campus 
999 |a 1000057073   |b Audio Cassette   |c Close Access   |e Gong Badak Campus 
999 |a 1000057074   |b Book   |c Close Access   |e Gong Badak Campus 
999 |a 1000057075   |b Audio Cassette   |c Close Access   |e Gong Badak Campus 
999 |a 1000057076   |b Audio Cassette   |c Close Access   |e Gong Badak Campus 
999 |a 1000057077   |b CD-ROM   |c Close Access   |e Gong Badak Campus 
999 |a 1000057078   |b Audio Cassette   |c Close Access   |e Gong Badak Campus 
999 |a 1000057079   |b Audio Cassette   |c Close Access   |e Gong Badak Campus 
999 |a 1000057080   |b Audio Cassette   |c Close Access   |e Gong Badak Campus 
999 |a 1000057081   |b Book   |c Close Access   |e Gong Badak Campus 
999 |a 1000057082   |b Audio Cassette   |c Close Access   |e Gong Badak Campus 
999 |a 1000057083   |b Audio Cassette   |c Close Access   |e Gong Badak Campus